[Event "Mitropacup 2006 Women´s section"]
[Site "Brno, Hotel Bobbycentrum"]
[Date "????.??.??"]
[Round "1.1"]
[White "Hodova, Lucie"]
[Black "Medunova, Vera"]
[Result "1/2-1/2"]
[WhiteElo "2112"]
[BlackElo "2172"]
[PlyCount "44"]
[EventDate "2006.09.07"]

1. e4 c5 2. Nf3 Nc6 3. d4 cxd4 4. Nxd4 e5 5. Nb5 d6 6. c4 Be7 7. N1c3 a6 8. Na3
Be6 9. Nc2 Bg5 10. Be2 Bxc1 11. Rxc1 Nge7 12. O-O O-O 13. Qd2 Qb6 14. b3 Rad8
15. Nd5 Qa7 16. Rfd1 h6 17. Bf1 f5 18. Nxe7+ Nxe7 19. exf5 Rxf5 20. Qe3 Qxe3
21. Nxe3 Rff8 22. g3 Rd7 1/2-1/2

[Event "Mitropacup 2006 Women´s section"]
[Site "Brno, Hotel Bobbycentrum"]
[Date "????.??.??"]
[Round "1.1"]
[White "Nemcova, Katerina"]
[Black "Balkova, Anna"]
[Result "1-0"]
[WhiteElo "2169"]
[BlackElo "2014"]
[PlyCount "57"]
[EventDate "2006.09.07"]

1. e4 c5 2. Nf3 Nc6 3. d4 cxd4 4. Nxd4 Nf6 5. Nc3 e5 6. Ndb5 d6 7. Bg5 a6 8.
Na3 b5 9. Bxf6 gxf6 10. Nd5 Bg7 11. c3 f5 12. exf5 Bxf5 13. Nc2 Be6 14. Nce3
O-O 15. Bd3 f5 16. O-O Ne7 17. Nxe7+ Qxe7 18. Bxf5 Qf7 19. Bxe6 Qxe6 20. Nd5
Ra7 21. a4 Raf7 22. axb5 axb5 23. Nb4 e4 24. Qd5 Qg6 25. Rae1 Be5 26. Qxe4 Qh6
27. g3 Rg7 28. Nd3 Bf6 29. Qe6+ 1-0

[Event "Mitropacup 2006 Women´s section"]
[Site "Brno, Hotel Bobbycentrum"]
[Date "????.??.??"]
[Round "1.2"]
[White "Blazkova, Petra"]
[Black "Franciskovic, Borka"]
[Result "0-1"]
[WhiteElo "2173"]
[BlackElo "2160"]
[PlyCount "59"]
[EventDate "2006.09.07"]

1. e4 c6 2. d4 d5 3. e5 Bf5 4. Nc3 e6 5. g4 Bg6 6. Nge2 Ne7 7. Nf4 c5 8. h4
cxd4 9. Nb5 Nec6 10. h5 Be4 11. f3 a6 12. Nd6+ Bxd6 13. exd6 g5 14. fxe4 gxf4
15. Bg2 dxe4 16. Bxe4 Qxd6 17. Qf3 e5 18. Bd2 Nd7 19. O-O-O O-O-O 20. Rhe1 f6
21. Kb1 Nc5 22. Bf5+ Kb8 23. c3 Na4 24. Be4 dxc3 25. Bxc3 Nxc3+ 26. bxc3 Qc5
27. Rxd8+ Rxd8 28. Bxh7 Rd2 29. Bc2 Rxc2 30. Qd3 0-1

[Event "Mitropacup 2006 Women´s section"]
[Site "Brno, Hotel Bobbycentrum"]
[Date "????.??.??"]
[Round "1.2"]
[White "Solic, Kristina"]
[Black "Kulovana, Eva"]
[Result "1/2-1/2"]
[WhiteElo "2156"]
[BlackElo "2199"]
[PlyCount "108"]
[EventDate "2006.09.07"]

1. e4 e5 2. Nf3 Nc6 3. Bb5 a6 4. Ba4 Nf6 5. O-O Be7 6. Re1 d6 7. c3 Bg4 8. h3
Bh5 9. d3 Nd7 10. Be3 h6 11. Nbd2 Bg5 12. Qe2 Bxe3 13. Qxe3 O-O 14. Nf1 Qf6 15.
N3h2 Qg5 16. Qxg5 hxg5 17. Ng3 Bg6 18. Nf3 f6 19. Bb3+ Bf7 20. Bxf7+ Kxf7 21.
Nf5 Nd8 22. Rad1 Ne6 23. d4 Rad8 24. g3 Rfe8 25. dxe5 Nxe5 26. Nxe5+ dxe5 27.
Rd5 g6 28. Ne3 c6 29. Rxd8 Rxd8 30. Rd1 Rxd1+ 31. Nxd1 Nc5 32. f3 Nd3 33. Kf1
c5 34. c4 b5 35. cxb5 axb5 36. a3 c4 37. Ke2 Ke6 38. Nc3 Kd6 39. Nxb5+ Kc5 40.
Nc3 Nxb2 41. Kd2 Nd3 42. Ne2 Nf2 43. h4 gxh4 44. gxh4 Nd3 45. Kc3 Ne1 46. f4
Nf3 47. fxe5 fxe5 48. a4 Nxh4 49. a5 Ng2 50. a6 Kb6 51. Kxc4 Kxa6 52. Kd5 Nf4+
53. Kxe5 Nxe2 54. Kf6 Kb6 1/2-1/2

[Event "Mitropacup 2006 Women´s section"]
[Site "Brno, Hotel Bobbycentrum"]
[Date "????.??.??"]
[Round "1.3"]
[White "Gheorghe, Corina"]
[Black "Delorme, Laurie"]
[Result "1-0"]
[WhiteElo "2257"]
[BlackElo "2068"]
[PlyCount "85"]
[EventDate "2006.09.07"]

1. e4 e5 2. Nf3 Nc6 3. Bc4 Nf6 4. d3 Be7 5. c3 O-O 6. Nbd2 d6 7. Bb3 h6 8. h3
Nh7 9. Nf1 Ng5 10. Nxg5 Bxg5 11. Be3 Bxe3 12. Nxe3 Qg5 13. g4 Ne7 14. h4 Qf6
15. Qe2 c6 16. g5 Qg6 17. O-O-O h5 18. Rdf1 a5 19. Bd1 Qe6 20. Bb3 Qg6 21. Kb1
d5 22. exd5 a4 23. Bc2 cxd5 24. f4 d4 25. Nc4 Bg4 26. Qxe5 Nf5 27. Qe1 Rfe8 28.
Ne5 Qb6 29. Qf2 Ne3 30. Nc4 Qc7 31. Nxe3 dxe3 32. Qg3 a3 33. Re1 axb2 34. Rxe3
Qxc3 35. Qe1 Qc6 36. Rh2 Rxe3 37. Qxe3 Qc3 38. Qe5 Qb4 39. Bb3 Rd8 40. g6 Qb6
41. Bxf7+ Kf8 42. Rh1 Qc6 43. Re1 1-0

[Event "Mitropacup 2006 Women´s section"]
[Site "Brno, Hotel Bobbycentrum"]
[Date "????.??.??"]
[Round "1.3"]
[White "Benard, Anne-Laurie"]
[Black "Padurariu, Ioana-Smaranda"]
[Result "0-1"]
[WhiteElo "2046"]
[BlackElo "2221"]
[PlyCount "88"]
[EventDate "2006.09.07"]

1. e4 e6 2. d3 d5 3. Nd2 c5 4. Ngf3 Nc6 5. g3 Bd6 6. Bg2 Nge7 7. O-O O-O 8. Re1
Qc7 9. Nf1 Bd7 10. Ne3 d4 11. Nc4 e5 12. c3 b5 13. Ncd2 f6 14. Qc2 Be6 15. Nb3
Qb6 16. Bd2 a5 17. cxd4 cxd4 18. Nc1 Rfc8 19. Qd1 Nb4 20. Bxb4 Bxb4 21. Re2 a4
22. a3 Ba5 23. Nd2 Ra7 24. f4 Rac7 25. Nf3 Qd6 26. fxe5 fxe5 27. Ng5 Bg4 28.
Bf3 Bxf3 29. Nxf3 h6 30. Rf2 Qe6 31. Nh4 Rc6 32. Ne2 Bc7 33. Qf1 Bd6 34. Rc1 b4
35. axb4 Bxb4 36. Ra1 Rc2 37. Rb1 Bd2 38. Kh1 Be3 39. Rf3 Qb3 40. Nf5 Nxf5 41.
exf5 Qxd3 42. Ng1 Qe4 43. Ne2 Rxe2 44. Qxe2 Qxb1+ 0-1

[Event "Mitropacup 2006 Women´s section"]
[Site "Brno, Hotel Bobbycentrum"]
[Date "????.??.??"]
[Round "1.4"]
[White "Ohme, Melanie"]
[Black "Rozic, Vesna"]
[Result "1/2-1/2"]
[WhiteElo "2123"]
[BlackElo "2252"]
[PlyCount "76"]
[EventDate "2006.09.07"]

1. e4 e6 2. d4 d5 3. Nd2 c5 4. Ngf3 cxd4 5. Nxd4 Nc6 6. Nxc6 bxc6 7. Bd3 Nf6 8.
O-O Be7 9. Kh1 Qb6 10. Qe2 a5 11. e5 Nd7 12. Qg4 g6 13. Nf3 h5 14. Qf4 Ba6 15.
Bd2 Qc7 16. Rfe1 Nc5 17. Bxa6 Rxa6 18. Ng5 Bxg5 19. Qxg5 Qe7 20. Qxe7+ Kxe7 21.
Be3 Nd7 22. Bg5+ f6 23. exf6+ Kf7 24. Re3 Rb8 25. Rb3 Rb5 26. Rd1 a4 27. Rxb5
cxb5 28. Rd3 Rc6 29. c3 Nxf6 30. Bxf6 Kxf6 31. a3 Rc5 32. Rf3+ Ke7 33. h3 e5
34. Kh2 Rc4 35. Rg3 Kf6 36. Rf3+ Ke7 37. Rg3 Kf6 38. Rf3+ Ke7 1/2-1/2

[Event "Mitropacup 2006 Women´s section"]
[Site "Brno, Hotel Bobbycentrum"]
[Date "????.??.??"]
[Round "1.4"]
[White "Novak, Ksenija"]
[Black "Hoolt, Sarah"]
[Result "1-0"]
[WhiteElo "2169"]
[BlackElo "2122"]
[PlyCount "63"]
[EventDate "2006.09.07"]

1. e4 c5 2. Nf3 e6 3. d4 cxd4 4. Nxd4 Nc6 5. Nc3 Qc7 6. Nxc6 bxc6 7. Bd3 Nf6 8.
O-O Bb4 9. Qe2 d5 10. e5 Nd7 11. f4 Nc5 12. Be3 Nxd3 13. cxd3 Ba6 14. Rac1 Qa5
15. a3 Be7 16. Qc2 c5 17. Na4 c4 18. dxc4 Bxc4 19. b4 Qa6 20. Rf3 O-O 21. Bc5
Rfe8 22. Rh3 g6 23. Bxe7 Rxe7 24. Nc5 Qb6 25. Qf2 Qd8 26. Qh4 h5 27. g4 Be2 28.
gxh5 Bxh5 29. Qg5 Kh7 30. Rxh5+ gxh5 31. Qxh5+ Kg8 32. Qg5+ 1-0

[Event "Mitropacup 2006 Women´s section"]
[Site "Brno, Hotel Bobbycentrum"]
[Date "????.??.??"]
[Round "1.5"]
[White "Gregorova, Zuzana"]
[Black "Machalova, Veronika"]
[Result "1-0"]
[WhiteElo "2145"]
[BlackElo "2212"]
[PlyCount "187"]
[EventDate "2006.09.07"]

1. e4 c5 2. Nf3 d6 3. d3 Nc6 4. g3 g6 5. Bg2 Bg7 6. O-O e6 7. Nbd2 Nge7 8. c3
O-O 9. Nb3 b6 10. d4 cxd4 11. Nbxd4 Ba6 12. Re1 Ne5 13. Nxe5 dxe5 14. Nf3 Qc7
15. Qa4 Bb7 16. Bg5 Nc6 17. Rad1 h6 18. Bc1 Rfd8 19. h4 a6 20. Qc4 b5 21. Qe2
Kh7 22. a3 Na5 23. Nh2 Nb3 24. Be3 Na5 25. Bc1 Qc6 26. Qf3 Qc7 27. Qe2 Nc4 28.
Rxd8 Rxd8 29. Rd1 Rxd1+ 30. Qxd1 Nd6 31. Qd3 Qc6 32. f3 f5 33. exf5 exf5 34.
Nf1 Nc4 35. Ne3 Qc5 36. Kh2 f4 37. Nxc4 bxc4 38. Qd7 Bc8 39. Qd2 fxg3+ 40. Kxg3
Bf5 41. Qe3 Qd6 42. Kf2 Qd8 43. Kg3 Qc7 44. Kf2 Bf8 45. Ke1 Qe7 46. Qf2 Bg7 47.
Be3 Bf6 48. Kf1 Bd3+ 49. Kg1 Bxh4 50. Qd2 h5 51. Bf2 Bg5 52. Be3 Bf6 53. Bh3
Bg7 54. Qf2 Qd8 55. f4 exf4 56. Qxf4 Qe8 57. Kf2 Qb5 58. Bc1 Qb6+ 59. Qe3 Qf6+
60. Qf3 Qh4+ 61. Qg3 Qe7 62. Qe3 Qf8+ 63. Qf3 Qd6 64. Qf4 Qd5 65. Bg2 Qd7 66.
Qe3 Qd8 67. Qf4 a5 68. Bh3 Qb6+ 69. Qe3 Qb5 70. Qf4 Qc6 71. Bg2 Qc8 72. Qf3 Qe8
73. Qe3 Qf8+ 74. Qf4 Qc8 75. Qf3 Qb8 76. Qf4 Qb5 77. Qe3 Qb8 78. Qd2 Bf8 79.
Bf3 Qb6+ 80. Kg2 Bg7 81. Qe3 Qf6 82. Qf4 Qe7 83. Qe3 Qd7 84. Qf4 a4 85. Qe3 Bf5
86. Qf4 Bh3+ 87. Kg3 Qe6 88. Kf2 Bf5 89. Qe3 Qc8 90. Qf4 Qc5+ 91. Qe3 Qc7 92.
Qf4 Be5 93. Qh6+ Kg8 94. Bd5+ 1-0

[Event "Mitropacup 2006 Women´s section"]
[Site "Brno, Hotel Bobbycentrum"]
[Date "????.??.??"]
[Round "1.5"]
[White "Machalova, Maria"]
[Black "Machalova, Erika"]
[Result "1/2-1/2"]
[WhiteElo "2166"]
[BlackElo "2064"]
[PlyCount "48"]
[EventDate "2006.09.07"]

1. c4 Nf6 2. Nc3 e6 3. g3 d5 4. cxd5 exd5 5. d4 c6 6. Bg2 Bd6 7. Nf3 O-O 8. O-O
Bf5 9. a3 a5 10. Nh4 Bg4 11. Qc2 Nbd7 12. Kh1 Nb6 13. f3 Be6 14. b3 Bc7 15. f4
Ng4 16. Qd3 f5 17. h3 Nh6 18. Nf3 Nf7 19. Ne5 Nd6 20. Be3 Ne4 21. Kh2 Nd7 22.
Qc2 Bd6 23. Nxe4 dxe4 24. Nxd7 Qxd7 1/2-1/2

[Event "Mitropacup 2006 Women´s section"]
[Site "Brno, Hotel Bobbycentrum"]
[Date "????.??.??"]
[Round "2.1"]
[White "Medunova, Vera"]
[Black "Machalova, Veronika"]
[Result "1/2-1/2"]
[WhiteElo "2172"]
[BlackElo "2212"]
[PlyCount "56"]
[EventDate "2006.09.07"]

1. e4 c5 2. Nf3 d6 3. d4 cxd4 4. Nxd4 Nf6 5. Nc3 Nc6 6. Be2 a6 7. a4 e6 8. O-O
Be7 9. Be3 O-O 10. Kh1 Qc7 11. f4 Re8 12. Bf3 Na5 13. Nde2 Nc4 14. Bc1 e5 15.
b3 Na5 16. f5 d5 17. g4 dxe4 18. Nxe4 Nxe4 19. Bxe4 Bd7 20. Qd3 Bc6 21. Qf3
Bxe4 22. Qxe4 Rac8 23. Ra2 Red8 24. Kg2 f6 25. Rf3 Nc6 26. c3 Na5 27. c4 Nc6
28. Rd2 Kf8 1/2-1/2

[Event "Mitropacup 2006 Women´s section"]
[Site "Brno, Hotel Bobbycentrum"]
[Date "????.??.??"]
[Round "2.1"]
[White "Machalova, Maria"]
[Black "Nemcova, Katerina"]
[Result "1/2-1/2"]
[WhiteElo "2166"]
[BlackElo "2169"]
[PlyCount "85"]
[EventDate "2006.09.07"]

1. c4 Nf6 2. Nc3 g6 3. d4 Bg7 4. e4 d6 5. f3 O-O 6. Bg5 a6 7. Qd2 Nc6 8. Nge2
Rb8 9. d5 Ne5 10. Nd4 c5 11. Nc2 b5 12. cxb5 axb5 13. Nxb5 Ba6 14. a4 Nfd7 15.
Nca3 c4 16. Be3 c3 17. bxc3 Qa5 18. Bd4 Qxa4 19. Nc2 Qb3 20. Nba3 Bxf1 21. Rxf1
Rfc8 22. Kf2 Nc4 23. Nxc4 Bxd4+ 24. Nxd4 Qxc4 25. Nc6 Qc5+ 26. Kg3 Rxc6 27.
dxc6 Qxc6 28. Rfb1 Rc8 29. h3 Ne5 30. Ra7 e6 31. Qd4 Qxc3 32. Qxd6 Qe3 33. Qe7
g5 34. Qf6 Qxa7 35. Qxe5 Qc7 36. Qxc7 Rxc7 37. Kg4 h6 38. h4 gxh4 39. Kxh4 Kg7
40. Rb8 Rc5 41. Rb4 Kg6 42. Ra4 Rg5 43. g4 1/2-1/2

[Event "Mitropacup 2006 Women´s section"]
[Site "Brno, Hotel Bobbycentrum"]
[Date "????.??.??"]
[Round "2.2"]
[White "Rozic, Vesna"]
[Black "Gregorova, Zuzana"]
[Result "1/2-1/2"]
[WhiteElo "2252"]
[BlackElo "2145"]
[PlyCount "55"]
[EventDate "2006.09.07"]

1. d4 d5 2. Nf3 Nf6 3. e3 Bf5 4. Nbd2 e6 5. Be2 h6 6. c4 c6 7. O-O Nbd7 8. b3
Be7 9. Bb2 O-O 10. Ne5 Nxe5 11. dxe5 Ne4 12. Nxe4 Bxe4 13. f3 Bg6 14. cxd5 cxd5
15. Qd2 Rc8 16. Rfc1 Qd7 17. a3 Rxc1+ 18. Rxc1 Rc8 19. Rc3 Bd8 20. Bb5 Rxc3 21.
Bxd7 Rc2 22. Qxc2 Bxc2 23. b4 a5 24. Bc3 axb4 25. Bxb4 Bb6 26. Kf2 Bd3 27. Bd6
Bc4 28. f4 1/2-1/2

[Event "Mitropacup 2006 Women´s section"]
[Site "Brno, Hotel Bobbycentrum"]
[Date "????.??.??"]
[Round "2.2"]
[White "Machalova, Erika"]
[Black "Novak, Ksenija"]
[Result "1/2-1/2"]
[WhiteElo "2064"]
[BlackElo "2169"]
[PlyCount "72"]
[EventDate "2006.09.07"]

1. d4 Nf6 2. Nf3 g6 3. c4 c5 4. Nc3 cxd4 5. Nxd4 Nc6 6. e4 Bg7 7. Be3 O-O 8.
Be2 b6 9. f3 Bb7 10. Qd2 e6 11. Ndb5 d5 12. exd5 exd5 13. c5 Ba6 14. O-O Bxb5
15. Nxb5 d4 16. Nxd4 Nxd4 17. Qxd4 Nd7 18. Qd2 Nxc5 19. Rfd1 Qe7 20. Bg5 Qe5
21. Rab1 Rfe8 22. Bf1 Ne6 23. Bh4 Qh5 24. Bg3 Nd4 25. Bd3 Rad8 26. Qf4 Ne6 27.
Qb4 Rd4 28. Bc4 a5 29. Qb5 Qxb5 30. Bxb5 Red8 31. Rxd4 Bxd4+ 32. Kf1 Rc8 33.
Bd3 Nc5 34. Bb5 Ne6 35. Bd3 Nc5 36. Bb5 Ne6 1/2-1/2

[Event "Mitropacup 2006 Women´s section"]
[Site "Brno, Hotel Bobbycentrum"]
[Date "????.??.??"]
[Round "2.3"]
[White "Delorme, Laurie"]
[Black "Ohme, Melanie"]
[Result "0-1"]
[WhiteElo "2068"]
[BlackElo "2123"]
[PlyCount "80"]
[EventDate "2006.09.07"]

1. e4 c5 2. Nf3 e6 3. Nc3 a6 4. d4 cxd4 5. Nxd4 b5 6. Bd3 Qb6 7. Nb3 Qc7 8. O-O
Bb7 9. Qe2 d6 10. f4 Nc6 11. Kh1 Nf6 12. Bd2 h5 13. a4 b4 14. Na2 h4 15. Nxb4
d5 16. Nxa6 Bxa6 17. Bxa6 Nxe4 18. Bb5 O-O-O 19. Rf3 g5 20. Bxc6 Qxc6 21. Qb5
Qxb5 22. axb5 g4 23. Ra8+ Kd7 24. Rxd8+ Kxd8 25. Ba5+ Kc8 26. Re3 Bd6 27. Kg1
Bxf4 28. Rd3 Kb7 29. Nd4 Ra8 30. Nc6 Bc7 31. b4 Nd6 32. Bxc7 Kxc7 33. Ne5 Ne4
34. Kf1 Ra1+ 35. Ke2 f5 36. h3 Rg1 37. hxg4 fxg4 38. c4 Rxg2+ 39. Kf1 h3 40. c5
Ng3+ 0-1

[Event "Mitropacup 2006 Women´s section"]
[Site "Brno, Hotel Bobbycentrum"]
[Date "????.??.??"]
[Round "2.3"]
[White "Hoolt, Sarah"]
[Black "Benard, Anne-Laurie"]
[Result "1-0"]
[WhiteElo "2122"]
[BlackElo "2046"]
[PlyCount "123"]
[EventDate "2006.09.07"]

1. e4 c5 2. Nf3 g6 3. c4 Bg7 4. d4 cxd4 5. Nxd4 Nc6 6. Be3 Nf6 7. Nc3 O-O 8.
Be2 b6 9. O-O Bb7 10. f3 e6 11. Ndb5 Ne8 12. Qd2 a6 13. Na3 Be5 14. Rad1 Bc8
15. f4 Bd6 16. Na4 Rb8 17. c5 bxc5 18. Nxc5 Qe7 19. Nb3 a5 20. Qc2 a4 21. Nc5
Nb4 22. Qc4 Bc7 23. Nb5 Ba5 24. a3 d5 25. Qc1 Nc6 26. exd5 exd5 27. Nxa4 Ba6
28. Nac3 Bxc3 29. Nxc3 Bxe2 30. Nxe2 Nf6 31. Ng3 Ng4 32. Rfe1 Qh4 33. Nf1 d4
34. Qxc6 dxe3 35. g3 Qh3 36. Re2 Rfe8 37. Qg2 Qh5 38. Rde1 Rb3 39. h4 Qc5 40.
Qf3 h5 41. Kg2 Reb8 42. Nxe3 Nxe3+ 43. Rxe3 Rxb2+ 44. R1e2 Rb1 45. Qf2 Qc1 46.
Re1 Qc6+ 47. Kg1 R8b2 48. R3e2 Rb8 49. Kh2 R1b3 50. f5 Rf3 51. Qa7 Rd8 52. fxg6
Qxg6 53. Qc7 Rdd3 54. Rg2 Rxa3 55. Re5 Kh7 56. Rg5 Qh6 57. Qe5 Qf6 58. Rxh5+
Kg7 59. Qe8 Kg6 60. Rg5+ Kh6 61. Qf8+ Kh7 62. Rh5+ 1-0

[Event "Mitropacup 2006 Women´s section"]
[Site "Brno, Hotel Bobbycentrum"]
[Date "????.??.??"]
[Round "2.4"]
[White "Franciskovic, Borka"]
[Black "Gheorghe, Corina"]
[Result "1-0"]
[WhiteElo "2160"]
[BlackElo "2257"]
[PlyCount "129"]
[EventDate "2006.09.07"]

1. Nf3 d5 2. c4 e6 3. g3 Nf6 4. Bg2 dxc4 5. Qa4+ c6 6. Qxc4 b5 7. Qb3 Bb7 8.
O-O a6 9. a4 c5 10. axb5 Bd5 11. Qd3 c4 12. Qd4 axb5 13. Rxa8 Bxa8 14. Qxd8+
Kxd8 15. Ne5 Bxg2 16. Kxg2 Ke8 17. Nc3 Bd6 18. d4 cxd3 19. Nxd3 b4 20. Nb5 Be7
21. Bf4 Nc6 22. Nd6+ Bxd6 23. Bxd6 Nd5 24. e4 Nf6 25. e5 Ne4 26. Nxb4 Nxd6 27.
Nxc6 Kd7 28. Rd1 Kxc6 29. Rxd6+ Kc7 30. Rd4 Rb8 31. Rf4 Rf8 32. Kf3 Kc6 33. Ke4
Kc5 34. Rf3 f5+ 35. exf6 gxf6 36. Rc3+ Kd6 37. b4 Rb8 38. Rb3 Kc6 39. Rc3+ Kd6
40. Rc4 Ra8 41. b5 Ra5 42. Rc6+ Kd7 43. Rb6 h5 44. Kd4 Ra2 45. Ke3 Rb2 46. Rb8
Rb3+ 47. Ke2 Rb2+ 48. Kf3 Rb3+ 49. Kg2 Rb2 50. b6 e5 51. b7 e4 52. Rf8 Rxb7 53.
Rf7+ Kc6 54. Rxf6+ Kd5 55. Rf5+ Kd4 56. Rxh5 Rb2 57. Rh4 Kd3 58. Rf4 Re2 59. h4
Kd2 60. Kh3 e3 61. fxe3 Kxe3 62. Rf7 Ra2 63. h5 Ra1 64. Kh4 Ke4 65. h6 1-0

[Event "Mitropacup 2006 Women´s section"]
[Site "Brno, Hotel Bobbycentrum"]
[Date "????.??.??"]
[Round "2.4"]
[White "Padurariu, Ioana-Smaranda"]
[Black "Solic, Kristina"]
[Result "0-1"]
[WhiteElo "2221"]
[BlackElo "2156"]
[PlyCount "128"]
[EventDate "2006.09.07"]

1. e4 c5 2. Nc3 d6 3. f4 g6 4. Nf3 Bg7 5. Bb5+ Bd7 6. a4 Nc6 7. Bxc6 Bxc6 8. d3
Nf6 9. O-O O-O 10. Qe1 Nd7 11. f5 e6 12. Qg3 exf5 13. exf5 Bxf3 14. Qxf3 Ne5
15. Qxb7 Qh4 16. h3 Ng4 17. Ne4 Bd4+ 18. Kh1 Be3 19. Qd5 Bxc1 20. Rfxc1 Ne3 21.
Qxd6 Nxf5 22. Qe5 Ng7 23. Rf1 Rac8 24. Nf6+ Kh8 25. Rae1 Qd4 26. Qg5 Ne8 27.
Re4 Qd8 28. Rh4 Nxf6 29. Rxf6 Kg7 30. Rhf4 Qc7 31. h4 Rfe8 32. h5 Re1+ 33. Rf1
Rce8 34. hxg6 hxg6 35. R6f4 Rxf1+ 36. Rxf1 Rh8+ 37. Kg1 Qh2+ 38. Kf2 Rh5 39.
Qg4 Rf5+ 40. Ke2 Rxf1 41. Kxf1 Qh1+ 42. Ke2 Qc1 43. Qc4 Qg5 44. g4 Qe5+ 45. Kf3
Qf6+ 46. Kg2 Qc6+ 47. Qe4 Qd6 48. c3 Qb8 49. b4 cxb4 50. cxb4 Qc7 51. d4 Qc4
52. Qe5+ Kh7 53. b5 Qxa4 54. Kg3 Qa3+ 55. Kf4 Qc1+ 56. Ke4 Qh1+ 57. Kf4 Qc1+
58. Ke4 Qh1+ 59. Kf4 Qc1+ 60. Kg3 Qg1+ 61. Kh4 Qh1+ 62. Kg5 Qh6+ 63. Kf6 Qg7+
64. Ke7 f6+ 0-1

[Event "Mitropacup 2006 Women´s section"]
[Site "Brno, Hotel Bobbycentrum"]
[Date "????.??.??"]
[Round "2.5"]
[White "Hodova, Lucie"]
[Black "Blazkova, Petra"]
[Result "1-0"]
[WhiteElo "2112"]
[BlackElo "2173"]
[PlyCount "69"]
[EventDate "2006.09.07"]

1. e4 c5 2. Nf3 d6 3. d4 cxd4 4. Nxd4 Nf6 5. Nc3 a6 6. g3 e5 7. Nde2 b5 8. Bg2
Nbd7 9. h3 b4 10. Nd5 Nxd5 11. exd5 Be7 12. O-O a5 13. a3 bxa3 14. Rxa3 O-O 15.
Be3 Bg5 16. f4 Bf6 17. b3 Re8 18. Kh2 exf4 19. Bxf4 Qb6 20. Bd2 Qc5 21. b4 Qc4
22. Nf4 a4 23. Nh5 Bb2 24. Raf3 Ne5 25. Rf4 Qc7 26. Be4 a3 27. Nxg7 Kxg7 28.
Qh5 Ng6 29. Rxf7+ Qxf7 30. Rxf7+ Kxf7 31. Qxh7+ Bg7 32. Bxg6+ Kf8 33. Bh6 Re2+
34. Kg1 Bxh6 35. Qf7# 1-0

[Event "Mitropacup 2006 Women´s section"]
[Site "Brno, Hotel Bobbycentrum"]
[Date "????.??.??"]
[Round "2.5"]
[White "Kulovana, Eva"]
[Black "Balkova, Anna"]
[Result "1-0"]
[WhiteElo "2199"]
[BlackElo "2014"]
[PlyCount "71"]
[EventDate "2006.09.07"]

1. e4 c5 2. Nf3 Nc6 3. d4 cxd4 4. Nxd4 Nf6 5. Nc3 e5 6. Ndb5 d6 7. Bg5 a6 8.
Na3 b5 9. Nd5 Be7 10. Bxf6 Bxf6 11. c3 Bg5 12. Nc2 O-O 13. a4 bxa4 14. Rxa4 a5
15. Bc4 Rb8 16. b3 Kh8 17. O-O g6 18. Qe2 f5 19. Rd1 f4 20. f3 Ne7 21. Nxe7
Bxe7 22. Rda1 Ra8 23. b4 Qb6+ 24. Kh1 Bd7 25. Rxa5 Rxa5 26. Rxa5 h5 27. Ra6 Qc7
28. Qd3 h4 29. Qd5 h3 30. b5 hxg2+ 31. Kxg2 Bc8 32. Qc6 Qd8 33. Ra7 d5 34. Bxd5
Bd6 35. Kh1 Bh3 36. Qb7 1-0

[Event "Mitropacup 2006 Women´s section"]
[Site "Brno, Hotel Bobbycentrum"]
[Date "????.??.??"]
[Round "3.1"]
[White "Blazkova, Petra"]
[Black "Medunova, Vera"]
[Result "1-0"]
[WhiteElo "2173"]
[BlackElo "2172"]
[PlyCount "71"]
[EventDate "2006.09.07"]

1. e4 c5 2. Nc3 Nc6 3. Bb5 g6 4. Bxc6 dxc6 5. d3 Bg7 6. Be3 b6 7. Qd2 e5 8. f4
exf4 9. Bxf4 Ne7 10. Bh6 Bxh6 11. Qxh6 Ng8 12. Qf4 Qf6 13. Qc7 Ne7 14. Nf3 O-O
15. O-O h6 16. Ne5 Qe6 17. Rf3 Ba6 18. Nd7 Rfd8 19. Nf6+ Kg7 20. Raf1 Rdc8 21.
Qg3 Rf8 22. Nh5+ Kg8 23. Rf6 Qd7 24. Rd6 Qb7 25. Nf6+ Kh8 26. Rd7 Qb8 27. Qxb8
Raxb8 28. Rxe7 Bc8 29. Rxa7 Kg7 30. e5 Rd8 31. Ne8+ Rxe8 32. Rfxf7+ Kg8 33. Ne4
Bb7 34. Rfxb7 Rxb7 35. Rxb7 Ra8 36. e6 1-0

[Event "Mitropacup 2006 Women´s section"]
[Site "Brno, Hotel Bobbycentrum"]
[Date "????.??.??"]
[Round "3.1"]
[White "Nemcova, Katerina"]
[Black "Kulovana, Eva"]
[Result "1/2-1/2"]
[WhiteElo "2169"]
[BlackElo "2199"]
[PlyCount "55"]
[EventDate "2006.09.07"]

1. e4 c6 2. d4 d5 3. Nd2 dxe4 4. Nxe4 Bf5 5. Ng3 Bg6 6. Nf3 Nf6 7. h4 Nh5 8.
Nxh5 Bxh5 9. Be2 e6 10. c3 Bd6 11. Ng5 Bxe2 12. Qxe2 Be7 13. Nf3 Nd7 14. Bg5
Nf6 15. Bxf6 gxf6 16. O-O-O Qc7 17. Kb1 O-O-O 18. Rhe1 Kb8 19. g3 Rhg8 20. Qc2
f5 21. Ne5 Bd6 22. Qe2 Bxe5 23. dxe5 Rxd1+ 24. Rxd1 Rd8 25. Rxd8+ Qxd8 26. Kc2
Qd5 27. Qd3 Kc7 28. f4 1/2-1/2

[Event "Mitropacup 2006 Women´s section"]
[Site "Brno, Hotel Bobbycentrum"]
[Date "????.??.??"]
[Round "3.2"]
[White "Gheorghe, Corina"]
[Black "Hodova, Lucie"]
[Result "1/2-1/2"]
[WhiteElo "2257"]
[BlackElo "2112"]
[PlyCount "73"]
[EventDate "2006.09.07"]

1. e4 c5 2. Nf3 d6 3. Bc4 Nf6 4. d3 e6 5. O-O Be7 6. Bb3 Nc6 7. c3 O-O 8. Re1
b5 9. d4 Qc7 10. dxc5 dxc5 11. e5 Nd7 12. Bf4 Rd8 13. Qe2 c4 14. Bc2 Nc5 15.
Nbd2 Bb7 16. b3 cxb3 17. axb3 a5 18. Ng5 g6 19. Nxh7 Kxh7 20. Qh5+ Kg8 21. Bxg6
fxg6 22. Qxg6+ Kh8 23. Re3 Bh4 24. Rh3 Qg7 25. Rxh4+ Kg8 26. Qh5 Nxe5 27. g3
Ncd3 28. Be3 b4 29. f4 Ng6 30. Rg4 Rd5 31. Qxg6 Qxg6 32. Rxg6+ Kf7 33. c4 Kxg6
34. cxd5 Bxd5 35. Bb6 Ra6 36. Bd8 Ra8 37. Bb6 1/2-1/2

[Event "Mitropacup 2006 Women´s section"]
[Site "Brno, Hotel Bobbycentrum"]
[Date "????.??.??"]
[Round "3.2"]
[White "Balkova, Anna"]
[Black "Padurariu, Ioana-Smaranda"]
[Result "0-1"]
[WhiteElo "2014"]
[BlackElo "2221"]
[PlyCount "78"]
[EventDate "2006.09.07"]

1. e4 e6 2. d4 d5 3. Nd2 Nf6 4. e5 Nfd7 5. Bd3 c5 6. c3 Nc6 7. Ne2 cxd4 8. cxd4
Nb6 9. Nf3 h6 10. O-O Bd7 11. a3 a5 12. Be3 a4 13. Nd2 Ne7 14. Ng3 g6 15. h4 h5
16. Bg5 Bg7 17. Qf3 Bc6 18. Rfe1 Nd7 19. Qf4 Qb6 20. Rab1 Bb5 21. Bc2 Rc8 22.
Rbc1 Nc6 23. Nf3 Qc7 24. Qd2 Nb6 25. Bd3 Bxd3 26. Qxd3 Nc4 27. Rb1 N6a5 28. Nd2
Nxd2 29. Qxd2 Nb3 30. Qb4 Qd7 31. Red1 Rc4 32. Qb6 O-O 33. Nf1 Ra8 34. Ne3 Ra6
35. Nxc4 Rxb6 36. Nxb6 Qc6 37. Bd8 Bh6 38. Rd3 Bd2 39. Rf1 Ba5 0-1

[Event "Mitropacup 2006 Women´s section"]
[Site "Brno, Hotel Bobbycentrum"]
[Date "????.??.??"]
[Round "3.3"]
[White "Ohme, Melanie"]
[Black "Franciskovic, Borka"]
[Result "1-0"]
[WhiteElo "2123"]
[BlackElo "2160"]
[PlyCount "113"]
[EventDate "2006.09.07"]

1. e4 c6 2. d4 d5 3. Nc3 dxe4 4. Nxe4 Bf5 5. Ng3 Bg6 6. h4 h6 7. Nf3 Nd7 8. h5
Bh7 9. Bd3 Bxd3 10. Qxd3 e6 11. Bd2 Qc7 12. O-O-O Ngf6 13. Qe2 O-O-O 14. Ne5
Nb8 15. Rh4 Bd6 16. Nc4 Bxg3 17. fxg3 Nd5 18. Ne5 f6 19. Ng6 Rhe8 20. Re4 Qf7
21. c4 Nc7 22. Bc3 Nd7 23. Re1 Nf8 24. Nf4 Rd7 25. b3 Red8 26. Qb2 g5 27. hxg6
Nxg6 28. Qf2 e5 29. Nxg6 Qxg6 30. dxe5 fxe5 31. Bxe5 Na6 32. Qxa7 Rd1+ 33. Rxd1
Rxd1+ 34. Kxd1 Qxe4 35. Qa8+ Kd7 36. Qxb7+ Ke6 37. Qxa6 Qd3+ 38. Kc1 Qe3+ 39.
Kc2 Qe2+ 40. Kc3 Qe1+ 41. Kb2 Qxe5+ 42. Ka3 Kd6 43. Qa8 Qe3 44. Qf8+ Kd7 45.
Qf4 Qc5+ 46. b4 Qg1 47. Qxh6 Qxg2 48. Qg7+ Kd6 49. g4 Qc2 50. Qd4+ Kc7 51. Qg7+
Kb6 52. c5+ Kb5 53. Qb7+ Kc4 54. Qf7+ Kd4 55. Qf4+ Kc3 56. Qe3+ Kc4 57. Qb3+
1-0

[Event "Mitropacup 2006 Women´s section"]
[Site "Brno, Hotel Bobbycentrum"]
[Date "????.??.??"]
[Round "3.3"]
[White "Solic, Kristina"]
[Black "Hoolt, Sarah"]
[Result "1/2-1/2"]
[WhiteElo "2156"]
[BlackElo "2122"]
[PlyCount "25"]
[EventDate "2006.09.07"]

1. e4 c5 2. Nf3 e6 3. d4 cxd4 4. Nxd4 Nf6 5. Nc3 Nc6 6. Ndb5 Bc5 7. Bf4 O-O 8.
Bd6 Qb6 9. Bxc5 Qxc5 10. Qd6 Qb6 11. Qc7 Qc5 12. Qd6 Qb6 13. Qc7 1/2-1/2